Himmel und Erde (Record no. 6489)

MARC details
000 -CABECERA
campo de control de longitud fija 00708nam a2200217 a 4500
001 - NÚMERO DE CONTROL
campo de control BRCA_6806
005 - FECHA Y HORA DE LA ÚLTIMA TRANSACCIÓN
campo de control 20190321142932.0
008 - DATOS DE LONGITUD FIJA--INFORMACIÓN GENERAL
campo de control de longitud fija 031111s1914----gw-aa#####---#000-0#ger-#
041 ## - CÓDIGO DE LENGUA
Código de lengua del texto/banda sonora o título independiente ger
044 ## - CÓDIGO DEL PAÍS DE LA ENTIDAD EDITORA/PRODUCTORA
Código MARC del país gw
050 #4 - SIGNATURA TOPOGRÁFICA DE LA BIBLIOTECA DEL CONGRESO
Número de documento/Ítem .P53 1914
100 1# - ENTRADA PRINCIPAL--NOMBRE DE PERSONA
Nombre de persona Plassmann, Josef
9 (RLIN) 16975
245 10 - MENCIÓN DE TÍTULO
Título Himmel und Erde
Resto del título Unser Wissen von der Sternenwelt und Erdball
Mención de responsabilidad, etc. Herausgegeben unter Mitwirkung von Fachgenossen von J. Plassmann ; J. Pohle.
260 ## - PUBLICACIÓN, DISTRIBUCIÓN, ETC.
Lugar de publicación, distribución, etc. Múnich
Nombre del editor, distribuidor, etc. Allgemeine Verlags
Fecha de publicación, distribución, etc. [1914]
300 ## - DESCRIPCIÓN FÍSICA
Extensión 2 v.
Otras características físicas il. (algunas a color), láminas, mapas
Dimensiones 27 cm.
500 ## - NOTA GENERAL
Nota general L128
501 ## - NOTA DE "CON"
Nota de “Con” Contenido: v.1. Der Sternenhimmel.-- v.2. Unsere Erde.
650 14 - PUNTO DE ACCESO ADICIONAL DE MATERIA--TÉRMINO DE MATERIA
Término de materia o nombre geográfico como elemento de entrada Astronomía
9 (RLIN) 7908
902 ## - CATALOGADOR
Iniciales GFM
942 ## - ELEMENTOS DE PUNTO DE ACCESO ADICIONAL (KOHA)
Fuente del sistema de clasificación o colocación Library of Congress Classification
Tipo de ítem Koha Libros
Holdings
Estado de retiro Estado de pérdida Estado dañado No para préstamo Localización permanente Ubicación/localización actual Fecha de adquisición Número de inventario Total de préstamos Signatura topográfica completa Código de barras Fecha visto por última vez Precio válido a partir de Tipo de ítem Koha
El ejemplar forma parte de la colección y puede ser consultado según las políticas vigentes.       Biblioteca del Museo Franz Mayer (Rogerio Casas-Alatriste) Biblioteca del Museo Franz Mayer (Rogerio Casas-Alatriste) 03/11/2011 L128   .P53 1914 (L128) 7253 22/03/2019 22/03/2019 Libros